000 00537nam a2200181Ia 4500
003 IN-BaIIA
008 211028s9999 xx 000 0 eng d
020 _a0-486-60590-6
040 _cIIA Library
080 _a524.3-64
_bCHA
100 _aChandrasekhar, S.
_91248
245 0 _aRadiative transfer
_cS. Chandrasekhar
260 _aNew York
_bDover Publications
_c1960
300 _axiv, 393p.
650 _aIsotopic scattering
_912833
650 _aQuadrature formulae
_912835
942 _cBK
999 _c16183
_d16183